| 000 | 01322nam0a2200301 4500 | ||
|---|---|---|---|
| 001 | RU\NLR\BIBL_A\011349038 | ||
| 005 | 20260405193037.0 | ||
| 010 |
_a978-5-7429-0780-0 _91000 |
||
| 021 |
_aRU _b2017-101964 _97356 |
||
| 021 |
_aRU _b2017-10544 _9777 |
||
| 035 | _a(NLR Aleph) 011349038 | ||
| 090 |
_a11234771 _c11234771 |
||
| 100 | _a20170320d2017 |||y0rusy50 ca | ||
| 101 | 1 | _arus | |
| 102 | _aRU | ||
| 105 | _aa w|||000zy | ||
| 200 | 1 |
_aПоследование Страстей Господних _eбогослужения Великого четверга, Великой пятницы и Великой субботы _f[перевод с греческого: Юрий Терентьев] |
|
| 210 |
_aМосква _cПравославный Свято-Тихоновский гуманитарный университет _d2017 |
||
| 215 |
_a311, [2] с. _cил. _d17 |
||
| 225 | 1 | _aПравославное богослужение | |
| 606 | 1 |
_aБогослужение православное _91548697 _3RU\NLR\AUTH\66977026 |
|
| 686 | 2 | _aЭ372.24-50 | |
| 702 | 1 |
_4730 _8rus _7ca _aТерентьев _bЮ. С. _cпереводчик _gЮрий С. _3RU\NLR\AUTH\7784892 _967820 |
|
| 942 | _cBOOK | ||
| 980 | _aNB | ||